Statistiken für Namen bekannter Galaxien der Lokalen Gruppe

Klicken Sie hier um das Quiz zu spielen!

Allgemein

  • Dieses Quiz wurde 40 mal gespielt
  • Das Durchschnittsergebnis liegt bei 4 aus 100

Antwortstatistiken

AntwortHint% Korrekt
Milchstraße
100%
Andromedagalaxie
55%
Andromeda I
10%
Andromeda II
10%
Andromeda III
10%
Andromeda IX
10%
Andromeda V
10%
Andromeda VI
10%
Andromeda VII
10%
Andromeda VIII
10%
Andromeda X
10%
Andromeda XI
5%
Andromeda XII
5%
Andromeda XIII
5%
Andromeda XIV
5%
Andromeda XIX
5%
Andromeda XV
5%
Andromeda XVI
5%
Andromeda XVII
5%
Andromeda XVIII
5%
Andromeda XX
5%
Andromeda XXI
5%
Andromeda XXII
5%
Andromeda XXIII
5%
Andromeda XXIV
5%
Andromeda XXIX
5%
Andromeda XXV
5%
Andromeda XXVI
5%
Andromeda XXVII
5%
Andromeda XXVIII
5%
Bootes-III-Zwerg
5%
Bootes-II-Zwerg
5%
Bootes-I-Zwerg
5%
Crater II
5%
Draco II
5%
Draco-Zwerg
5%
Große Magellansche WolkeLMC
5%
IC 10
5%
Kleine Magellansche WolkeSMC
5%
Antlia-Zwerg
0%
Aquarius II
0%
Aquarius-Zwerg
0%
Barnards Galaxie
0%
Canes-Venatici-II-Zwerg
0%
Canes Venatici-I-Zwerg
0%
Canis-Major-Zwerg
0%
Carina-Zwerg
0%
Cetus II
0%
Cetus-Zwerg
0%
Columba I
0%
Coma-Berenices-Zwerggalaxie
0%
Dreiecksnebel
0%
Eridanus II
0%
Eridanus III
0%
Fornax-Zwerg
0%
Grus I
0%
Grus II
0%
Hercules-Zwerg
0%
Horologium I
0%
Horologium II
0%
Hydra II
0%
IC 1613
0%
Indus II
0%
Leo I
0%
Leo II
0%
Leo III
0%
Leo IV
0%
Leo V
0%
LGS 3
0%
M110
0%
M32
0%
NGC 147
0%
NGC 185
0%
NGC 3109
0%
Pegasus III
0%
Pegasus-Zwerg
0%
Phoenix II
0%
Phoenix-Zwerg
0%
Pictoris
0%
Pisces II
0%
Reticulum II
0%
Reticulum III
0%
SagDIG
0%
Sagittarius II
0%
Sagittarius-Zwerggalaxie
0%
Sculptor-Zwerg
0%
Segue 2
0%
Sextans A
0%
Sextans B
0%
Sextans-Zwerg
0%
Triangulum II
0%
Tucana II
0%
Tucana III
0%
Tucana IV
0%
Tucana V
0%
Tucana-Zwerg
0%
Ursa-Major-I
0%
Ursa Major II
0%
Ursa-Minor-Zwerg
0%
Wolf-Lundmark-Melotte
0%

Verteilung der Resultate

Perzentil nach korrekt beantworteten Fragen

Anzahl Personen mit jedem Resultat

Ihre Resultats-Entwicklung

Sie haben dieses Quiz noch nicht gespielt